000
00371nam a2200133Ia 4500
008
100328s9999 xx 000 0 und d
082
_b
12719
100
_a
गांधी महात्मा
245
_a
सत्याग्रह
260
_b
साधना
630
_a
सत्याग्रह
730
_a
सत्याग्रह
942
_c
BOOK
999
_c
507954
_d
507951